000 00430nam a2200193Ia 4500
005 20250423095938.0
008 250422s9999 xx 000 0 und d
020 _a978-978-8422-46-4
050 _aKP 103 .O5/
100 _aOlong, Adefi M.D
245 0 _aLand Law in Nigeria
250 _a2nd edition
260 _aLagos
260 _bMalthouse
260 _c2011
300 _a56 p
650 _aLand Law
942 _cBK
999 _c31816
_d31816